ARRUPE JESUIT UNIVERSITY

CORONAVIRUS -STOP THE SPREAD - CLEAN,DISINFECT,COVER

Kwame Nkrumah of the New Africa. (Record no. 119142)

MARC details
000 -LEADER
fixed length control field 00864cam a22002531 4500
001 - CONTROL NUMBER
control field 7505331
003 - CONTROL NUMBER IDENTIFIER
control field ARRUPE
005 - DATE AND TIME OF LATEST TRANSACTION
control field 20131210124704.0
008 - FIXED-LENGTH DATA ELEMENTS--GENERAL INFORMATION
fixed length control field 770622s1961 enka 000 0beng
010 ## - LIBRARY OF CONGRESS CONTROL NUMBER
LC control number 62053349
015 ## - NATIONAL BIBLIOGRAPHY NUMBER
National bibliography number GB61-20183
035 ## - SYSTEM CONTROL NUMBER
System control number (OCoLC)3059647
040 ## - CATALOGING SOURCE
Original cataloging agency DLC
Transcribing agency MiEM
Modifying agency OCoLC
-- Uk
-- DLC
042 ## - AUTHENTICATION CODE
Authentication code premarc
050 00 - LIBRARY OF CONGRESS CALL NUMBER
Classification number SPC DT510.6.N5
Item number P6
300 ## - PHYSICAL DESCRIPTION
Other physical details illus.
Dimensions 20 cm.
100 1# - MAIN ENTRY--PERSONAL NAME
Personal name Powell, Erica.
9 (RLIN) 5354
245 10 - TITLE STATEMENT
Title Kwame Nkrumah of the New Africa.
Statement of responsibility, etc Adapted from Ghana, the autobiography of Kwame Nkrumah by Erica Powell. Illustrated by Carabine.
260 ## - PUBLICATION, DISTRIBUTION, ETC. (IMPRINT)
Place of publication, distribution, etc London,
-- New York,
Name of publisher, distributor, etc Nelson
Date of publication, distribution, etc [c1961]
300 ## - PHYSICAL DESCRIPTION
Extent 68 p.
500 ## - GENERAL NOTE
General note "The language in this version ... has been simplified for school use."
600 10 - SUBJECT ADDED ENTRY--PERSONAL NAME
Personal name Nkrumah, Kwame,
Dates associated with a name 1909-1972
9 (RLIN) 5355
906 ## - LOCAL DATA ELEMENT F, LDF (RLIN)
a 7
b cbc
c oclcrpl
d u
e ncip
f 19
g y-gencatlg
942 ## - ADDED ENTRY ELEMENTS (KOHA)
Source of classification or shelving scheme Library of Congress Classification
Koha item type Monograph ( Printed materials)
Holdings
Withdrawn status Lost status Source of classification or shelving scheme Damaged status Not for loan Home library Current library Shelving location Date acquired Total Checkouts Full call number Barcode Date last seen Price effective from Koha item type
    Library of Congress Classification     ARRUPE LIBRARY ARRUPE LIBRARY Main Collection 10/12/2013   SPC DT510.6.N5 P6 464123156 10/12/2013 10/12/2013 Monograph ( Printed materials)

 

Arrupe Library. PO Box MP320 Mt Pleasant, Harare, Zimbabwe
263 242 745411|librarian@aju.ac.zw